Sports Quiz

Random Sports or WWE Quiz

Royal Rumble 2000 Entrants In Order Quiz Stats

 Plays Quiz not verified by Sporcle

Support Sporcle.
Go Orange.
Score 0/30 Timer 10:00
0 Plays Today
Hint Answer % Correct
1D'Lo Brown
97.6%
2Grand Master Sexay
95.1%
3Mosh
90.2%
4Christian
90.2%
5Rikishi
87.8%
6Scotty 2 Hotty
87.8%
8Viscera
87.8%
9Big Boss Man
87.8%
10Test
87.8%
7Steve Blackman
82.9%
13Edge
80.5%
30X-Pac
78%
11The British Bulldog
75.6%
17Chyna
75.6%
12Gangrel
73.2%
Hint Answer % Correct
14Bob Backlund
73.2%
15Chris Jericho
73.2%
16Crash Holly
73.2%
18Faarooq
73.2%
19Road Dogg
73.2%
24The Rock
73.2%
25Billy Gunn
73.2%
26Big Show
73.2%
28Kane
73.2%
20Al Snow
70.7%
27Bradshaw
70.7%
21Val Venis
68.3%
23Hardcore Holly
68.3%
29The Godfather
68.3%
22Prince Albert
61%

You're not logged in!

Compare scores with friends on all Sporcle quizzes.
OR
Log In

From the Vault

Black the Block: Thanksgiving

by jrage2009

Every year, we're thankful for trivia.
Remove Ads.
Support Sporcle.
Get the best of Sporcle when you Go Orange. This ad-free experience offers more features, more stats, and more fun while also helping to support Sporcle. Thank you for becoming a member.

Show Comments

Extras

Created Feb 7, 2018ReportNominate
Tags:WWE Quiz, Royal Rumble

Top Quizzes Today


Score Distribution

Your Account Isn't Verified!

In order to create a playlist on Sporcle, you need to verify the email address you used during registration. Go to your Sporcle Settings to finish the process.

Report this User

Report this user for behavior that violates our Community Guidelines.

Details: